| 000 | 00405pab a2200157 454500 | ||
|---|---|---|---|
| 008 | 180718b1985 xxu||||| |||| 00| 0 eng d | ||
| 100 | _aHameed, S.M.A. | ||
| 245 | _aA power theory of unionization and non - unionization | ||
| 260 | _c1985 | ||
| 300 | _a297-309 | ||
| 362 | _aJan. | ||
| 650 | _aLabour Unions | ||
| 700 | _aJaya Sen | ||
| 773 | _aIndian Journal of Industrial Relaions | ||
| 909 | _a11964 | ||
| 999 |
_c11964 _d11964 |
||